Online
Catalog

Los Bosch Gaviño : (Record no. 15112)

MARC details
000 -CABECERA
campo de control de longitud fija 01997nam a2200313 a 4500
001 - NÚMERO DE CONTROL
campo de control 000015556
003 - IDENTIFICADOR DEL NÚMERO DE CONTROL
campo de control OSt
005 - FECHA Y HORA DE LA ÚLTIMA TRANSACCIÓN
campo de control 20260321073639.0
008 - DATOS DE LONGITUD FIJA--INFORMACIÓN GENERAL
campo de control de longitud fija 100212t2009 dr abch 001 0cspa d
020 ## - NÚMERO INTERNACIONAL ESTÁNDAR DEL LIBRO
Número Internacional Estándar del Libro 9789945163193
040 ## - FUENTE DE LA CATALOGACIÓN
Centro catalogador/agencia de origen DO-SdBNP
Lengua de catalogación spa
Centro/agencia transcriptor BNPHU
082 ## - NÚMERO DE LA CLASIFICACIÓN DECIMAL DEWEY
Número de clasificación 929.2
Número de documento/Ítem B742m
100 1# - ENTRADA PRINCIPAL--NOMBRE DE PERSONA
Nombre de persona Marte Rodríguez, Evelyn
9 (RLIN) 35097
245 14 - MENCIÓN DE TÍTULO
Título Los Bosch Gaviño :
Resto del título apuntes y gráficas sobre su historia familiar /
Mención de responsabilidad, etc. Evelyn Marte Rodríguez ; prólogo Milagros Ortíz Bosch.
260 ## - PUBLICACIÓN, DISTRIBUCIÓN, ETC.
Lugar de publicación, distribución, etc. Santo Domingo :
Nombre del editor, distribuidor, etc. Búho,
Fecha de publicación, distribución, etc. 2009.
300 ## - DESCRIPCIÓN FÍSICA
Extensión 291 p. :
Otras características físicas il., facsíms., mapas, retrs. ;
Dimensiones 23 cm.
500 ## - NOTA GENERAL
Nota general Incluye datos biográficos de la autora en las solapas.
500 ## - NOTA GENERAL
Nota general Incluye cronología de la familia Bosch Gaviño.
504 ## - NOTA DE BIBLIOGRAFÍA, ETC.
Nota de bibliografía, etc. Incluye bibliografía y notas al pie de páginas.
504 ## - NOTA DE BIBLIOGRAFÍA, ETC.
Nota de bibliografía, etc. Bibliografía : p. 285-291.
505 0# - NOTA DE CONTENIDO CON FORMATO
Información miscelánea Introducción --
-- Prólogo /
Mención de responsabilidad Milagros Ortíz Bosch --
Título Lor orígenes --
-- Ambiente familiar --
-- Nace Juan Emilio Bosch Gaviño --
-- Los Bosch Gaviño viviendo en el país intervenido --
-- Pesar por la muerte de dos hermanos Bosch y el abuelo Papa Juan --
-- Periplo del joven Bosch y sus familiares --
-- Exilio y lucha política --
-- Testimonios de familiares --
-- Fin de la tiranía de Trujillo (1961). Reencuentro familiar y labor de organización --
-- El rumbo de las democracias. Lazos de amistad y hermandad durante el exilio --
-- Año del Centenario de Juan Bosch (2009) --
Información miscelánea Apéndices :
Título Fotografías de los descendientes de la familia Bosch Gaviño --
-- Genealogía de la familia Bosch Gaviño. Nuevas generaciones --
-- Cronología de la familia Bosch Gaviño --
-- Bibliografía activa del Prof. Juan Bosch --
-- Bibliografía.
600 10 - PUNTO DE ACCESO ADICIONAL DE MATERIA--NOMBRE DE PERSONA
Nombre de persona Bosch, Juan,
Fechas asociadas al nombre 1909-2001
9 (RLIN) 76555
650 14 - PUNTO DE ACCESO ADICIONAL DE MATERIA--TÉRMINO DE MATERIA
Término de materia o nombre geográfico como elemento de entrada Bosch Gaviño (familia)
Subdivisión general Genealogía
9 (RLIN) 35099
650 14 - PUNTO DE ACCESO ADICIONAL DE MATERIA--TÉRMINO DE MATERIA
Término de materia o nombre geográfico como elemento de entrada Parentesco
9 (RLIN) 2156
651 14 - PUNTO DE ACCESO ADICIONAL DE MATERIA--NOMBRE GEOGRÁFICO
Nombre geográfico República Dominicana
Subdivisión general Genealogía
9 (RLIN) 2157
700 1# - PUNTO DE ACCESO ADICIONAL--NOMBRE DE PERSONA
Nombre de persona Ortiz Bosch, Milagros, 1936-
Término indicativo de función/relación pról.
9 (RLIN) 26797
910 ## - DATOS DE OPCIÓN DEL USUARIO (OCLC)
Datos de opción del usuario Validado. Control de calidad EMS.
942 ## - ELEMENTOS DE PUNTO DE ACCESO ADICIONAL (KOHA)
Fuente del sistema de clasificación o colocación Dewey Decimal Classification
Tipo de ítem Koha Libro
Holdings
Estado de retiro Estado de pérdida Restricciones de uso No para préstamo Código de colección Localización permanente Ubicación/localización actual Ubicación en estantería Fecha de adquisición Número de inventario Total de préstamos Signatura topográfica completa Código de barras Fecha visto por última vez Número de copia Precio válido a partir de Tipo de ítem Koha
        Dominicana de Servicio General General Depósito 12.02.2010 LF1   929.2 B742m 15556-30 25.06.2020 e. 3 25.06.2020 Libro y Folleto Colección Dominicana de Servicio
        Dominicana de Servicio General General Depósito 18.08.2010 LF1   929.2 B742m 15556-40 25.06.2020 e. 4 25.06.2020 Libro y Folleto Colección Dominicana de Servicio
        Dominicana de Servicio General General Depósito 18.08.2010 LF1   929.2 B742m 15556-50 25.06.2020 e. 5 25.06.2020 Libro y Folleto Colección Dominicana de Servicio
      Excluido de préstamo Patrimonio Dominicano Patrimonio Dominicano Patrimonio Dominicano Depósito 12.02.2010 LF1   929.2 B742m 15556-10 25.06.2020   25.06.2020 Libro y Folleto Colección Patrimonio Dominicano
      Excluido de préstamo Patrimonio Dominicano Patrimonio Dominicano Patrimonio Dominicano Depósito 12.02.2010 LF1   929.2 B742m 15556-20 25.06.2020 e. 2 25.06.2020 Libro y Folleto Colección Patrimonio Dominicano

Powered by Koha